000 01194nam0a2200337 4500
001 RU\NLR\BIBL_A\012547299
005 20210825155953.0
010 _a978-5-4491-0819-7
_9100
021 _aRU
_bКН-П-21-008013
_9КН-П-21-0635
035 _a(NLR Aleph) 012547299
035 _a(RuMoRGB)010573666
090 _a12418670
_c12418670
100 _a20210616d2021 m y0rusy50 ca
101 0 _arus
102 _aRU
105 _aach z 000zy
181 0 _ai
_baxxe
182 0 _an
200 1 _aДень святого сельдерея
_eкнига-дневник
_fВиктория Самира, Stentor O'Hobb
203 _aТекст
_bвизуальный
_cнепосредственный
210 _aМосква
_cДе'Либри
_d2021
215 _a159 с.
_cил., факс., портр.
_d18
333 _a16+
606 1 _aВес тела
_xРегулирование
_jПопулярные издания
_2nlr_sh1
_2nlr_sh2
_3RU\NLR\AUTH\661401856
686 1 _aР120.4я9
700 1 _aСамира
_bВ.
_gВиктория
701 1 _aO'Hobb
_bS.
_gStentor
942 _cBOOK
980 _aNB